| 000 | 01643nam0a2200349 4500 | ||
|---|---|---|---|
| 001 | RU\NLR\bibl\1845799 | ||
| 005 | 20250616173716.0 | ||
| 010 |
_a978-5-16-002430-1 _9300 |
||
| 021 |
_aRU _b2011-92665 _96641 |
||
| 035 | _a(NLR Aleph) 001836233 | ||
| 090 |
_a2208934 _c2208934 |
||
| 100 | _a20111208d2012 |||y0rusy50 ca | ||
| 101 | 0 | _arus | |
| 102 | _aRU | ||
| 105 | _aa ||||||||| | ||
| 200 | 1 |
_aОрганизационное проектирование _eучебник _eдля слушателей образовательных учреждений, обучающихся по программе MBA и другим программам подготовки управляющих кадров _fВ. А. Баринов _gИн-т экономики и финансов "Синергия" |
|
| 210 |
_aМосква _cИНФРА-М _d2012 [т.е. 2011] |
||
| 215 |
_a383, [1] с. _cил. _d22 |
||
| 225 | 1 | _aСерия учебников для программы MBA (Master of Business Administration) | |
| 225 | 1 |
_aСинергия _dSinerghia _zeng |
|
| 300 | _aКн. фактически издана в 2011 г. | ||
| 320 | _aБиблиогр. в тексте | ||
| 606 | 1 |
_aОрганизационное проектирование _jУчебники для высших учебных заведений _92184537 _3RU\NLR\auth\661313457 |
|
| 686 | _aУ29(2)я73 | ||
| 700 | 1 |
_aБаринов _bВ. А. _gВладимир Александрович _4070 |
|
| 801 | 0 |
_aRU _bNLR _c20111208 _gRCR |
|
| 801 | 1 |
_aRU _bNLR _c20111208 |
|
| 830 | _aавт. по эк | ||
| 942 | _cBOOK | ||
| 980 | _aNB | ||
| 980 | _aNBR | ||